|
|
|
|
| LEADER |
00000naa2a2200000 4500 |
| 001 |
208389 |
| 005 |
20231031191435.0 |
| 035 |
|
|
|a (RuTPU)RU\TPU\book\227524
|
| 090 |
|
|
|a 208389
|
| 100 |
|
|
|a 20120202d2009 k y0rusy50 ca
|
| 101 |
0 |
|
|a rus
|
| 102 |
|
|
|a RU
|
| 200 |
1 |
|
|a Мифологизация современного массового сознания: создание новой реальности
|f Д. И. Чигирин
|
| 320 |
|
|
|a Библиогр.: 9 назв.
|
| 463 |
|
0 |
|0 (RuTPU)RU\TPU\book\208739
|t Трансформация научных парадигм и коммуникативные практики в информационном социуме
|o сборник научных трудов, Томск, 20-21 октября 2009 г.
|f Томский политехнический университет (ТПУ) ; под ред. В. Г. Рубанова
|v С. 187-190
|d 2009
|p 363 с.
|
| 610 |
1 |
|
|a массовое сознание
|
| 610 |
1 |
|
|a мифологизация
|
| 610 |
1 |
|
|a общественное развитие
|
| 610 |
1 |
|
|a средства массовой коммуникации
|
| 610 |
1 |
|
|a труды учёных ТПУ
|
| 700 |
|
1 |
|a Чигирин
|b Д. И.
|
| 801 |
|
1 |
|a RU
|b 63413507
|c 20120202
|
| 801 |
|
2 |
|a RU
|b 63413507
|c 20120523
|g RCR
|
| 942 |
|
|
|c BK
|